Catálogo

Autoevaluación y autonomía escolar : (Registro nro. 30087)

Detalles MARC
000 -LEADER
fixed length control field 01407cam a2200349 i 4500
001 - CONTROL NUMBER
control field 30087
003 - CONTROL NUMBER IDENTIFIER
control field Mx-PuUPA
005 - DATE AND TIME OF LATEST TRANSACTION
control field 20250331111359.0
008 - FIXED-LENGTH DATA ELEMENTS--GENERAL INFORMATION
fixed length control field 140415s2018 mx gr 000 0 spa d
020 ## - INTERNATIONAL STANDARD BOOK NUMBER
Terms of availability En trámite
040 ## - CATALOGING SOURCE
Transcribing agency Mx-PuUPA
Original cataloging agency Mx-PuUPA
Language of cataloging spa
Modifying agency Mx-PuUPA
Description conventions rda
041 0# - LANGUAGE CODE
Language code of text/sound track or separate title spa
110 2# - MAIN ENTRY--CORPORATE NAME
Corporate name or jurisdiction name as entry element Instituto Nacional para la Evaluación de la Educación.
Relator term autor
245 10 - TITLE STATEMENT
Title Autoevaluación y autonomía escolar :
Remainder of title principios y herramientas para la gestión /
Statement of responsibility, etc. INE ; Sylvia Schmelkes del Valle, Cecilia Galas Taboada, Eva María Hamilton Vélez [y otros dos]
250 ## - EDITION STATEMENT
Edition statement Primera edición
264 #1 - PRODUCTION, PUBLICATION, DISTRIBUTION, MANUFACTURE, AND COPYRIGHT NOTICE
Place of production, publication, distribution, manufacture Ciudad de México :
Name of producer, publisher, distributor, manufacturer Instituto Nacional para la Evaluación de la Educación,
Date of production, publication, distribution, manufacture, or copyright notice 2018
300 ## - PHYSICAL DESCRIPTION
Extent 110 páginas :
Other physical details diagramas, tablas ;
Dimensions 28 cm
336 ## - CONTENT TYPE
Fuente rdacontent
Content type term texto
Content type code txt
337 ## - MEDIA TYPE
Source rdamedia
Media type term sin medio
Media type code n
338 ## - CARRIER TYPE
Source rdacarrier
Carrier type term volumen
Carrier type code nc
490 0# - SERIES STATEMENT
Series statement Material para docentes
650 #7 - SUBJECT ADDED ENTRY--TOPICAL TERM
9 (RLIN) 13986
Source of heading or term armarc
Topical term or geographic name entry element Evaluación educativa
650 #7 - SUBJECT ADDED ENTRY--TOPICAL TERM
Source of heading or term armarc
Topical term or geographic name entry element Administración escolar
650 #7 - SUBJECT ADDED ENTRY--TOPICAL TERM
Source of heading or term armarc
Topical term or geographic name entry element Aprendizaje
General subdivision Autoevaluación
700 1# - ADDED ENTRY--PERSONAL NAME
Personal name Schmelkes del Valle, Sylvia,
Relator term autor
700 1# - ADDED ENTRY--PERSONAL NAME
Personal name Galas Taboada, Cecilia,
Relator term autor
700 1# - ADDED ENTRY--PERSONAL NAME
Personal name Hamilton Vélez, Eva María,
Relator term autor
942 ## - ADDED ENTRY ELEMENTS (KOHA)
Source of classification or shelving scheme Dewey Decimal Classification
Koha item type Libro
Classification part 371.26
Item part A93
Existencias
Withdrawn status Lost status Source of classification or shelving scheme Damaged status Not for loan Collection code Home library Current library Shelving location Date acquired Source of acquisition Total Checkouts Full call number Barcode Date last seen Price effective from Koha item type
    Dewey Decimal Classification     General Biblioteca Karol Wojtyla Biblioteca Karol Wojtyla Sala general 03/12/2013 Donación   371.26 A93 2018 46536 05/01/2026 03/12/2013 Libro